000 00502nam a22001931a 4500
001 1607
003 OSt
005 20260204211740.0
008 040120s2000||||sp ||||||b||||||||||dpa||
020 _a8483190869
050 _a174 R443m
082 _a174 R443m
100 _aRiechmann, Jorge
245 _aUn mundo vulnerable: ensayos sobre ecología, ética y tecnociencia / Jorge Riechann
264 _aEspaña : Catarata
300 _a341 p.
650 _a1.Filosofía - EticaÌ
942 _2ddc
_cBK
999 _c1607
_d1607